• 首页
  • 本馆介绍
  • 公告通知
  • 最新文献
  • 馆藏检索
  • 电子资源
  • 读者导购
  • 参考咨询
  • 我的图书馆
  • 登录
  • 详细信息显示
  • 放入我的书架
  • 预约/预借图书
  • 作者相关作品
  • 分类相关作品
  • 丛书相关作品
  • 出版社相关作品

书目信息

  • 表格格式
  • 工作单格式
  • 卡片格式
题名:
元素周期表和元素知识集萃
    
 
作者: 周公度 , 王颖霞 编著
分册:  
出版信息: 北京   化学工业出版社  2018
页数: 64页
开本: 26cm
丛书名:
单 册:
中图分类: O6-64 , O611
科图分类:
主题词: 化学元素周期表--hua xue yuan su zhou qi biao , 化学元素--hua xue yuan su--基本知识
电子资源:
ISBN: 978-7-122-31428-4
000 01499nam0 2200313 45
001 012001002365
005 20191121143107.10
010    @a978-7-122-31428-4@dCNY28.00
099    @aCAL 012018030629
100    @a20180329d2018 em y0chiy50 ea
101 0  @achi
102    @aCN@b110000
105    @ak a 000yy
106    @ar
200 1  @a元素周期表和元素知识集萃@AYuan Su Zhou Qi Biao He Yuan Su Zhi Shi Ji Cui@d= Periodic table of the elements and essential knowledge of the elements@f周公度, 王颖霞编著@zeng
205    @a第2版
210    @a北京@c化学工业出版社@d2018
215    @a64页@d26cm@e折图1页
320    @a有书目
330    @a本书集结了化学元素周期表和元素知识两方面的内容,把二者有机地结合在一本书中,并独立成册。元素周期表以彩色图片的形式展示,同时内容更加丰富,加深了对周期表的认识与解读;元素知识部分按照元素周期表的分类规律,以族为单位,把性质或结构相似的一类物质统一介绍其相似性和共性的部分,对于个性部分单独列出,特别是对于一些重要的新的元素性质及用途,本书中给与了特别说明。同时通过元素知识的介绍,结合元素周期表中的图示,可以更好地理解和掌握元素知识及规律。
510 1  @aPeriodic table of the elements and essential knowledge of the elements@zeng
606 0  @a化学元素周期表@Ahua xue yuan su zhou qi biao
606 0  @a化学元素@Ahua xue yuan su@x基本知识
690    @aO6-64@v5
690    @aO611@v5
701  0 @a周公度@Azhou gong du@4编著
701  0 @a王颖霞@Awang ying xia@4编著
801  0 @aCN@b北京卓展@c20191020
905    @b1205425-8@dO6-64@e1002=2@f4
    
    元素周期表和元素知识集萃= Periodic table of the elements and essential knowledge of the elements/周公度, 王颖霞编著.-第2版.-北京:化学工业出版社,2018
    64页;26cm+折图1页
    
    
    ISBN 978-7-122-31428-4:CNY28.00
    本书集结了化学元素周期表和元素知识两方面的内容,把二者有机地结合在一本书中,并独立成册。元素周期表以彩色图片的形式展示,同时内容更加丰富,加深了对周期表的认识与解读;元素知识部分按照元素周期表的分类规律,以族为单位,把性质或结构相似的一类物质统一介绍其相似性和共性的部分,对于个性部分单独列出,特别是对于一些重要的新的元素性质及用途,本书中给与了特别说明。同时通过元素知识的介绍,结合元素周期表中的图示,可以更好地理解和掌握元素知识及规律。
●
相关链接 在E读中查询图书 在五车中查询图书 在当当中查询图书 在豆瓣中查询图书


正题名:元素周期表和元素知识集萃     索取号:O6-64/1002=2         预约/预借

序号 登录号 条形码 馆藏地/架位号 状态 备注
1 1205425   212054257   第二样本阅览室/ [索取号:O6-64/1002=2] 在馆    
2 1205426   212054266   第三借阅区/ [索取号:O6-64/1002=2] 在馆    
3 1205427   212054275   第三借阅区/ [索取号:O6-64/1002=2] 在馆    
4 1205428   212054284   第三借阅区/ [索取号:O6-64/1002=2] 在馆    
唐山师范学院图书馆 欢迎您!
大连网信软件有限公司© 版权所有